000 00800nam a2200253Ia 4500
003 OSt
005 20220928133127.0
006 a|||||r|||| 00| 0
007 ta
008 220927b |||||||| |||| 00| 0 eng d
020 _c7302.5600000000004
024 _a124257
037 _b2592, 04/09/2014, Ashutosh Technical Books
_cTextual
040 _aSDCL
_cSDCL
_beng
041 _2eng
_aeng
082 _aD6,8(2),9(G), Q4
100 _aPan Yi
_9484543
245 0 _aAlgorithmic and artificial intelligence methods for protein bioinformatics.
260 _aHoboken
_bWiley
_c2014
650 _aBiophysics
700 _a Li Min Ed.
_9484544
942 _hD6,8(2),9(G), Q4
_cTEXL
_2CC
999 _c797993
_d797993